| 000 | 00696cam a22002051 4500 | ||
|---|---|---|---|
| 001 | af 48003365 | ||
| 003 | DLC | ||
| 005 | 20260227110901.0 | ||
| 008 | 890406s1941 gw b 000 1 ger c | ||
| 010 | _aaf 48003365 | ||
| 035 | _a(OCoLC)19503155 | ||
| 040 |
_aCalifornia. Univ. Libr. _cCU _dDLC |
||
| 042 | _apremarc | ||
| 050 | 0 | 0 |
_aPT2617.E597 _bW44 |
| 100 | 1 |
_aHenrich, Josef, _d1879- |
|
| 245 | 1 | 0 |
_aWenn der Wald stirbt. _bRoman aus dem Hochkrumbach, einer kleinen, 1705m hoch gelegenen, aufgelassenen Gemeinde an der Wasserscheide zwischen Donau und Rhein in den Vorarlberger Alpen. |
| 250 | _a2. Aufl. | ||
| 260 |
_aMünchen, _bF.C. Mayer, _c1941. |
||
| 300 |
_a245 p. _bfold. map. _c21 cm. |
||
| 999 |
_c5541 _d5541 |
||